Žiť statočne - aj za cenu nepochopenia Hovorí národný umelec Vojtech Mihálik

Podrobná bibliografia
Hlavní autori: Nižnánsky, Jozef, 1903-1976 (Autor), Mihálik, Vojtech, 1926-2001 (Autor)
Médium: Článok
Jazyk:slovenčina
Fyzický popis:Fot. 1.
Predmet:

MARC

LEADER 00000nab a2200000 a 4500
001 vtls000171198
003 SK-MaSNL
005 20260303233919.0
008 160215c1983 xo 0 slo
015 |a SNBRB19rr/mm-uuuuu 
035 |a CL0181309 
040 |a SNKBUCL  |b slo  |c SNKBUCL  |e AACR2 
041 0 |a slo 
044 |a xo  |c SK 
080 |a 82:929:885.4  |2 1981 
080 |a 929  |2 1981 
080 |a 885.4  |2 1981 
100 1 |a Nižnánsky, Jozef,  |d 1903-1976  |4 aut  |9 110616 
245 1 0 |a Žiť statočne - aj za cenu nepochopenia  |b Hovorí národný umelec Vojtech Mihálik  |c Jozef Nižnánsky 
300 |b Fot. 1. 
600 1 7 |a Mihálik, Vojtech,  |d 1926-2001  |2 snkbucl  |9 13821 
655 7 |a články z novín a časopisov  |2 snkbucl  |9 267496 
655 7 |a články z odboru literárna veda a krásna literatúra  |2 snkbucl  |9 770045 
700 1 |a Mihálik, Vojtech,  |d 1926-2001  |4 aut  |9 13821 
773 0 |t Večerník  |g Roč. 28, č. 252 (22. 12. 1983), s. 6-7 
850 |a Slovenská národná knižnica v Martine  |a MTA001 
852 |a SNK  |b KIS3GCP 
958 |a BX 
958 |a RK 
958 |a LX 
992 |a RBX 
999 |c 2517849  |d 2519779